|
|
|
|
| LEADER |
00000nam0a2200000 4500 |
| 001 |
344221 |
| 005 |
20231102005636.0 |
| 010 |
|
|
|a 5852680540
|
| 035 |
|
|
|a (RuTPU)RU\TPU\book\375512
|
| 090 |
|
|
|a 344221
|
| 100 |
|
|
|a 20200115d1993 m y0rusy50 ca
|
| 101 |
1 |
|
|a rus
|c eng
|
| 102 |
|
|
|a MD
|
| 105 |
|
|
|a y z 000ay
|
| 200 |
1 |
|
|a Роботы утренней зари
|e пер. с англ.
|f А. Азимов
|
| 210 |
|
|
|a Кишинев
|c ЭЯ
|d 1993
|
| 215 |
|
|
|a 768 с.
|
| 225 |
1 |
|
|a Зарубежная фантастика
|v Вып. 19
|
| 606 |
1 |
|
|a Американская литература (англо-язычная литература)
|2 stltpush
|3 (RuTPU)RU\TPU\subj\28887
|9 52349
|
| 610 |
1 |
|
|a художественная литература
|
| 610 |
1 |
|
|a научная фантастика
|
| 675 |
|
|
|a 82
|v 4
|
| 700 |
|
1 |
|a Азимов
|b А.
|c американский писатель-фантаст
|f 1920-1992
|g Айзек
|2 stltpush
|3 (RuTPU)RU\TPU\pers\36273
|9 19349
|
| 801 |
|
1 |
|a RU
|b 63413507
|c 20200115
|
| 801 |
|
2 |
|a RU
|b 63413507
|c 20200131
|g RCR
|
| 942 |
|
|
|c BK
|